Central Library OPAC University of Rajshahi

The educated middle class and Indian nationalism : (Record no. 25760)

MARC details
000 -LEADER
fixed length control field 01026cam a2200289 a 4500
001 - CONTROL NUMBER
control field 25760
003 - CONTROL NUMBER IDENTIFIER
rucl marc code BD-RjUL
005 - DATE AND TIME OF LATEST TRANSACTION
control field 20211209050926.0
008 - FIXED-LENGTH DATA ELEMENTS--GENERAL INFORMATION
fixed length control field 140319s1988 ii b 001 0 eng d
035 ## - SYSTEM CONTROL NUMBER
System control number (BD-RjUL)25830
040 ## - CATALOGING SOURCE
Original cataloging agency DLC
Transcribing agency DLC
Modifying agency DLC
-- BD-RjUL
Language of cataloging eng
041 ## - LANGUAGE CODE
Language code of text/sound track or separate title eng
082 00 - DEWEY DECIMAL CLASSIFICATION NUMBER
Classification number 305.552095414
Edition number 20
Author mark and year SEE 1988
100 1# - MAIN ENTRY--PERSONAL NAME
Personal name Sen, Asoka Kumar.
9 (RLIN) 79120
245 14 - TITLE STATEMENT
Title The educated middle class and Indian nationalism :
Remainder of title Bengal during the pre-Congress decades /
Statement of responsibility, etc. by Asoka Kumar Sen.
260 ## - PUBLICATION, DISTRIBUTION, ETC. (IMPRINT)
Place of publication, distribution, etc. Calcutta :
Name of publisher, distributor, etc. Progressive Publishers,
Date of publication, distribution, etc. 1988.
300 ## - PHYSICAL DESCRIPTION
Pagination xvi, 200 p. ;
Size 22 cm.
500 ## - GENERAL NOTE
General note On the role of middle class intelligentsia of Bengal in the growth of nationalism in India, 1800-1885.
General note Includes index.
504 ## - BIBLIOGRAPHY, ETC. NOTE
Bibliography, etc Bibliography: p. [178]-191.
650 #0 - SUBJECT ADDED ENTRY--TOPICAL TERM
Topical term or geographic name as entry element Nationalism
Geographic subdivision India
-- Bengal.
9 (RLIN) 46221
Topical term or geographic name as entry element Middle class
Geographic subdivision India
-- Bengal.
9 (RLIN) 79121
651 #0 - SUBJECT ADDED ENTRY--GEOGRAPHIC NAME
Geographic name Bengal (India)
General subdivision Intellectual life.
9 (RLIN) 2283
942 ## - ADDED ENTRY ELEMENTS (KOHA)
Source of classification or shelving scheme Dewey Decimal Classification
Koha item type Books
Holdings
Lost status Source of classification or shelving scheme Damaged status Not for loan Collection code Permanent Location Current Location Shelving location Date acquired Source of acquisition Cost, normal purchase price Total Checkouts Full call number Date last seen Copy number Koha item type
  Dewey Decimal Classification   Added to bundle Non-fiction Central Library, University of Rajshahi Central Library, University of Rajshahi Reading Room 25/07/1996 Ankur prakashani 75.00   305.552095414 SEE 1988 19/03/2014 C-1 Books
  Dewey Decimal Classification     Non-fiction Central Library, University of Rajshahi Central Library, University of Rajshahi   07/03/1998 Ankur prakashani 75.00   305.552095414 SEE 1988 19/03/2014 C-3 Books
  Dewey Decimal Classification     Non-fiction Central Library, University of Rajshahi Central Library, University of Rajshahi   07/03/1998 Dhaka aligrah library 75.00   305.552095414 SEE 1988 24/03/2014 C-4 Books
  Dewey Decimal Classification     Non-fiction Central Library, University of Rajshahi Central Library, University of Rajshahi   25/07/1996 Ankur prakashani 75.00   305.552095414 SEE 1988 09/02/2017 C-2 Books